000 00837nam a2200253Ia 4500
008 191130s2010##################000#0#eng##
020 _a9780745645056
022 _a2010293738
040 _aACL
_cACL
082 _a306.42 VIR
100 _aVirilio, Paul
245 _aThe University of disaster
_cPaul Virilio ; translated by Julie Rose
250 _aEnglish ed
260 _aCambridge
_bPolity
_cc2010
300 _a166 p. ; 23 cm
500 _aTranslated from the French. Includes bibliographical references (p. [156]-160) and index. Translated from the French
650 _aCivilization, Modern - 21st century
650 _aKnowledge, Sociology of
650 _aPhilosophy, Modern - 21st century
650 _aScience - Philosophy
990 _aa5524184ac10000c227b7cccdfd12e72
991 _a217364
999 _c74467
_d74467